00425nam a22001337a 450000500170000000800410001704100230005808200130008110000120009424500400010626000870014630000320023365000260026520240823130012.0240823b |||||||| |||| 00| 0 eng d aEnglish/Afrikaans  a349 LAW  lEnglish aThe Laws of South West Africa 1951  aWindhoek: bOrder of the Honourable the Administrator of South West Africa, c1951 bxcvii, 423 pages; c25 cm.  aLegal practice bLaw